Statistics for Chinese Geography on the Map

Click here to take the quiz!

General Stats

  • This quiz has been taken 5,596 times
  • The average score is 14 of 25

Answer Stats

Answers % Correct
Beijing
96%
Yellow River
89%
Himalayas
88%
Hong Kong
86%
Yangtze
84%
Shanghai
82%
Gobi Desert
82%
Everest
79%
Guangzhou
79%
Tibet
79%
K2
69%
Mekong
57%
Inner Mongolia
57%
Xi'an
56%
Hainan
54%
Chengdu
43%
Pearl River
40%
Harbin
39%
Guangdong
35%
Hubei
19%
Shandong
14%
Qinghai Lake
9%
Liaodong
6%
Tianzi
5%
Kailash
4%

Score Distribution

Percentile by Number Answered

Percent of People with Each Score

Your Score History

You have not taken this quiz